00421nam a22001577a 4500003000900000005001700009008004100026040001000067082001500077100001600092245003300108260003000141300000900171650001900180856006400199PK-NaQUE20250929123251.0250929b ||||| |||| 00| 0 eng d cQUEST a624.151SEH aSehgal, B S aA Textbook of Soil mechanics aNew Delhi bOxford c1988 a572p aSoil Mechanics uhttp://10.10.170.122:8080/browse/book/28541yDownload eBook